[Event "ENG-ch Schools Final"]
[Site "Staffordshire"]
[Date "2022.07.01"]
[Round "5.6"]
[White "Stewart, Hari"]
[Black "Sagar, Aneesh"]
[Result "1-0"]
[WhiteElo "1439"]
[BlackElo "1225"]
[PlyCount "71"]
[EventDate "2022.06.30"]
[EventType "swiss"]
[EventRounds "5"]
[EventCountry "ENG"]
[SourceTitle "EXT 2023"]
[Source "ChessBase"]
[SourceDate "2022.10.05"]
[SourceVersion "1"]
[SourceVersionDate "2022.10.05"]
[SourceQuality "1"]

1. c4 c5 2. g3 g6 3. Bg2 Bg7 4. Nc3 Nc6 5. Nf3 Nf6 6. 0-0 0-0 7. d4 cxd4 8. Nxd4 Qb6 9. e3 Nxd4 10. exd4 d6 11. h3 h5 12. b3 Bf5 13. Be3 Qc7 14. Rc1 Qd7 15. Kh2 Rac8 16. Qd2 Kh7 17. Rfd1 Rfd8 18. Qe2 Kg8 19. c5 d5 20. b4 b6 21. b5 bxc5 22. dxc5 Qe6 23. c6 Ne8 24. Bxd5 Qf6 25. Ne4 Bxe4 26. Bxe4 Nd6 27. Bxa7 Ra8 28. c7 Rdc8 29. Bxa8 Rxa8 30. Rxd6 Qf5 31. Rd8+ Rxd8 32. cxd8Q+ Kh7 33. Qdxe7 h4 34. Qxh4+ Bh6 35. Qe3 g5 36. Qhe4 1-0

[Event "Daventry 4NCL Easter op-C 2nd"]
[Site "Daventry"]
[Date "2022.04.16"]
[Round "2"]
[White "Maher, Mike P"]
[Black "Sagar, Aneesh"]
[Result "1/2-1/2"]
[WhiteElo "1692"]
[BlackElo "1580"]
[PlyCount "56"]
[EventDate "2022.04.15"]
[EventType "swiss"]
[EventRounds "7"]
[EventCountry "ENG"]
[SourceTitle "CBM 207 Extra"]
[Source "ChessBase"]
[SourceDate "2022.05.31"]
[SourceVersion "1"]
[SourceVersionDate "2022.05.31"]
[SourceQuality "1"]

1. d4 d5 2. c4 e6 3. cxd5 exd5 4. Nc3 Nf6 5. Bg5 Be7 6. e3 c6 7. Bd3 Bg4 8. Qc2 Nbd7 9. h3 Be6 10. Nge2 h6 11. Bh4 Nh5 12. Bxe7 Qxe7 13. g4 Nhf6 14. Ng3 Nb6 15. 0-0-0 0-0-0 16. Rhe1 Qc7 17. Kb1 Kb8 18. Nf5 Bxf5 19. Bxf5 Nc4 20. Bd3 Nd6 21. e4 dxe4 22. Bxe4 Nfxe4 23. Nxe4 Rhe8 24. Nxd6 Qxd6 25. Rxe8 Rxe8 26. Qf5 Qe6 27. Qxe6 Rxe6 28. d5 Rd6 1/2-1/2

[Event "Daventry 4NCL Easter op-C 2nd"]
[Site "Daventry"]
[Date "2022.04.16"]
[Round "3"]
[White "Sagar, Aneesh"]
[Black "Dos Santos Silva, Bruno Alexandre"]
[Result "1-0"]
[WhiteElo "1580"]
[BlackElo "1647"]
[PlyCount "87"]
[EventDate "2022.04.15"]
[EventType "swiss"]
[EventRounds "7"]
[EventCountry "ENG"]
[SourceTitle "CBM 207 Extra"]
[Source "ChessBase"]
[SourceDate "2022.05.31"]
[SourceVersion "1"]
[SourceVersionDate "2022.05.31"]
[SourceQuality "1"]

1. e4 c5 2. Nf3 d6 3. d4 cxd4 4. Nxd4 Nf6 5. Nc3 g6 6. Bb5+ Bd7 7. Bxd7+ Qxd7 8. 0-0 Bg7 9. Be3 0-0 10. f3 Nc6 11. Qd2 d5 12. Nxc6 bxc6 13. Bh6 e6 14. Bxg7 Kxg7 15. e5 Ne8 16. Qd4 Kg8 17. Ne4 Qd8 18. Nc5 Ng7 19. g4 Qg5 20. Nd7 Nf5 21. Qf2 Rfc8 22. Nf6+ Kg7 23. f4 Qh4 24. gxf5 Qxf2+ 25. Rxf2 exf5 26. c3 Rc7 27. Rg2 Kh8 28. Re2 Kg7 29. Rd2 Re7 30. h4 Rd8 31. Kf2 h6 32. Rg1 Re6 33. Kf3 Rxf6 34. exf6+ Kxf6 35. Re1 a5 36. Rd4 Rb8 37. Re2 Kg7 38. b3 f6 39. Re7+ Kf8 40. Re6 Kg7 41. Rxc6 g5 42. hxg5 fxg5 43. fxg5 hxg5 44. Rxd5 1-0

[Event "GBR-ch U12 106th"]
[Site "Torquay"]
[Date "2019.07.30"]
[Round "3"]
[White "Sagar, Aneesh"]
[Black "Bird, Max"]
[Result "0-1"]
[WhiteElo "1204"]
[BlackElo "1371"]
[PlyCount "108"]
[EventDate "2019.07.28"]
[EventType "swiss"]
[EventRounds "7"]
[EventCountry "ENG"]
[SourceTitle "EXT 2020"]
[Source "ChessBase"]
[SourceDate "2019.10.17"]
[SourceVersion "1"]
[SourceVersionDate "2019.10.17"]
[SourceQuality "1"]

1. e4 c6 2. d4 d5 3. Nc3 dxe4 4. Nxe4 Bf5 5. Ng3 Bg6 6. Nf3 Nd7 7. Bc4 e6 8. 0-0 Bd6 9. Bg5 Ngf6 10. Bh4 0-0 11. Re1 h6 12. Nf1 Re8 13. Bg3 Bxg3 14. Nxg3 Qc7 15. c3 Rad8 16. Bd3 Bxd3 17. Qxd3 c5 18. Qc4 a6 19. a4 Qc8 20. a5 cxd4 21. Qxc8 Rxc8 22. Nxd4 Nc5 23. b4 Nd3 24. Re3 Nf4 25. Nge2 Nxe2+ 26. Nxe2 Red8 27. Rc1 Nd5 28. Rd3 Rc7 29. c4 Rdc8 30. Rxd5 exd5 31. c5 Re7 32. Nf4 Re5 33. Rd1 g5 34. Nxd5 Rd8 35. Nf6+ Kg7 36. Nh5+ Kg6 37. Rc1 Kxh5 38. g4+ Kxg4 39. Kg2 f5 40. c6 bxc6 41. Rxc6 Rb8 42. Rxh6 Rxb4 43. Rxa6 Ra4 44. h3+ Kf4 45. Rh6 Rexa5 46. h4 gxh4 47. Rxh4+ Kg5 48. Rh8 Rg4+ 49. Kf1 Ra1+ 50. Ke2 Re4+ 51. Kd3 Ra3+ 52. Kd2 Ra2+ 53. Kc3 Rxf2 54. Rg8+ Kf4 0-1

[Event "GBR-ch U12 106th"]
[Site "Torquay"]
[Date "2019.07.29"]
[Round "2"]
[White "Karpe, Reya"]
[Black "Sagar, Aneesh"]
[Result "1-0"]
[WhiteElo "1412"]
[BlackElo "1204"]
[PlyCount "83"]
[EventDate "2019.07.28"]
[EventType "swiss"]
[EventRounds "7"]
[EventCountry "ENG"]
[SourceTitle "EXT 2020"]
[Source "ChessBase"]
[SourceDate "2019.10.17"]
[SourceVersion "1"]
[SourceVersionDate "2019.10.17"]
[SourceQuality "1"]

1. d4 d5 2. c4 dxc4 3. Nc3 Nf6 4. e4 e6 5. a3 c6 6. Bxc4 b5 7. Be2 g6 8. Nf3 Bg7 9. Bg5 h6 10. Bf4 0-0 11. 0-0 Nbd7 12. h3 Nb6 13. Rc1 a6 14. Qd2 Kh7 15. Rfd1 Bb7 16. Ne5 Nbd7 17. Qe3 Nxe5 18. dxe5 Nd7 19. Rd6 Qe7 20. Rcd1 Rfd8 21. Nb1 Nxe5 22. Rxd8 Rxd8 23. Rxd8 Qxd8 24. Nd2 Nd7 25. b4 a5 26. Qa7 Ba8 27. bxa5 e5 28. Be3 Bf8 29. Nb1 c5 30. Bxb5 Bxe4 31. Nc3 Nf6 32. a6 Kg7 33. Bxc5 Bxc5 34. Qxc5 Qd2 35. a7 Qc1+ 36. Kh2 Qf4+ 37. Kg1 Qc1+ 38. Bf1 Bd3 39. Kh2 Bxf1 40. a8Q Qf4+ 41. g3 Qg5 42. Qcf8+ 1-0

[Event "London Classic U1600 op 10th"]
[Site "London"]
[Date "2018.12.16"]
[Round "5"]
[White "Sagar, Aneesh"]
[Black "Gohil, Arianna G"]
[Result "1-0"]
[WhiteElo "1202"]
[BlackElo "962"]
[PlyCount "97"]
[EventDate "2018.12.14"]
[EventType "swiss"]
[EventRounds "5"]
[EventCountry "ENG"]
[SourceTitle "CBM 187 Extra"]
[Source "ChessBase"]
[SourceDate "2018.11.04"]
[SourceVersion "1"]
[SourceVersionDate "2018.11.04"]
[SourceQuality "1"]

1. e4 e5 2. Nf3 Nc6 3. Bc4 Bc5 4. c3 Nf6 5. b4 Bd6 6. d3 0-0 7. Qb3 Qe7 8. Be3 b6 9. Nbd2 Bb7 10. a4 a5 11. b5 Nb8 12. Qa2 Bc5 13. Bxc5 bxc5 14. Bb3 c6 15. Nc4 d6 16. bxc6 Nxc6 17. Nb6 Ra6 18. Nd5 Qe8 19. Nc7 Qe7 20. Nxa6 Bxa6 21. Bc4 Bc8 22. h3 h6 23. Rb1 Be6 24. Bxe6 fxe6 25. Nh4 Qe8 26. Nf5 Qd7 27. Rb3 d5 28. exd5 Qxd5 29. Ne3 Qxd3 30. Ra3 Ne4 31. c4 Qd4 32. 0-0 Nb4 33. Qa1 Qd2 34. Qd1 Qb2 35. Ra1 Nd2 36. Re1 Nb3 37. Rb1 Qxf2+ 38. Kh1 Nd4 39. Ng4 Qg3 40. Rf1 Rf4 41. Rxf4 exf4 42. Qe1 Qd3 43. Rd1 Qxc4 44. Qe4 Qb3 45. Rg1 h5 46. Ne5 Qg3 47. Qa8+ Kh7 48. Qe4+ Kh6 49. Nf7# 1-0